[Event "1st 3-0 Thursday Nov 13th 2025"]
[Site "chess.com INT"]
[Date "2025.11.13"]
[Round "10"]
[White "Lazavik,Denis"]
[Black "Nakamura,Hi"]
[Result "0-1"]
[WhiteElo "2605"]
[BlackElo "2813"]

1.c4 e5 2.Nc3 Nf6 3.Nf3 Nc6 4.g3 Nd4 5.Bg2 Nxf3+ 6.Bxf3 Bb4 7.g4 h6 8.h4 c6
9.Qb3 a5 10.Rg1 d6 11.g5 hxg5 12.hxg5 Nd7 13.d3 Nc5 14.Qc2 Ne6 15.Be3 a4
16.a3 Bc5 17.Bxc5 Nxc5 18.O-O-O Bf5 19.Kb1 Qb6 20.Be4 Be6 21.e3 Rh2 22.Rh1 Rxh1
23.Rxh1 Ke7 24.Bg2 Qb3 25.Kc1 Bf5 26.Be4 Bxe4 27.dxe4 Qxc4 28.Kb1 Qd3 29.Rh7 Qxc2+
30.Kxc2 Ne6 31.g6 fxg6 32.Kd3 b5 33.Ke2 Kf7 34.Rh1 Nc5 35.Rd1 Rd8 36.f3 g5
37.Na2 Nb7 38.Nb4 Na5 39.Rc1 Rc8 40.Rg1 Kf6 41.Rh1 Nc4 42.Nd3 Kg6 43.Rg1 Rh8
44.Rg2 Kf6 45.Nb4 Na5 46.Kd3 Rh3 47.Rf2 Rg3 48.Kc3 Ke6 49.Kd3 g4 50.fxg4 Nc4
51.Re2 Kd7 52.Nc2 Nxb2+ 53.Kc3 Nc4 54.Kd3 Rxg4 55.Rf2 Ke6 56.Rf8 Rg2 57.Re8+ Kd7
58.Rg8 c5 59.Kc3 Nxa3 60.Nxa3 b4+ 61.Kc4 bxa3 62.Ra8 a2 63.Rxa4 Ke6 64.Ra8 g5
65.Re8+ Kf7 66.Ra8 g4 67.Kd5 Rd2+  0-1

[Event "2nd 3-0 Thu 13th Nov 2025"]
[Site "chess.com INT"]
[Date "2025.11.13"]
[Round "11"]
[White "Nakamura,Hi"]
[Black "Tang,Andrew"]
[Result "1-0"]
[WhiteElo "2813"]
[BlackElo "2548"]

1.Nf3 d5 2.d4 Nf6 3.e3 e6 4.b3 b6 5.Bb2 Bb7 6.Bd3 Nbd7 7.O-O Bd6 8.Ne5 O-O
9.Nd2 Ne4 10.Nxe4 dxe4 11.Nxd7 exd3 12.Nxf8 Qg5 13.g3 dxc2 14.Qxc2 Bf3 15.Qxh7+ Kxf8
16.e4 Ke8 17.Rae1 Kd7 18.Re3 Bh5 19.e5 Bg6 20.Qh3 Be7 21.f4 Qf5 22.g4 Qc2
23.Qg2 Qxg2+ 24.Kxg2 Bh7 25.f5 Bg8 26.f6 gxf6 27.exf6 Bd6 28.Rh3 Kc6 29.Rh8 Kd5
30.g5 Rf8 31.h4  1-0

[Event "1st 3-0 Thursday Nov 13th 2025"]
[Site "chess.com INT"]
[Date "2025.11.13"]
[Round "11"]
[White "Nakamura,Hi"]
[Black "Tang,Andrew"]
[Result "1-0"]
[WhiteElo "2813"]
[BlackElo "2548"]

1.d4 d5 2.Nf3 Nf6 3.e3 e6 4.b3 b6 5.Bb2 Bb7 6.Bd3 Nbd7 7.O-O Bd6 8.Nbd2 O-O
9.c4 Ne4 10.Rc1 Qe7 11.cxd5 exd5 12.Bb5 Rad8 13.Bc6 Ba6 14.Re1 Qe6 15.Qc2 Nxd2
16.Nxd2 Nb8 17.Ba8 Nd7 18.Bc6 Nb8 19.Nb1 Nxc6 20.Qxc6 Rfe8 21.Ba3 Re7 22.Bxd6 Qxd6
23.Qxd6 Rxd6 24.Rc3 c6 25.Rec1 Rc7 26.Nd2 Kf8 27.a4 Ke7 28.b4 Bc8 29.b5 Bd7
30.a5 bxa5 31.Nb3 a4 32.Na5 Be8 33.bxc6 Rd8 34.f3 Rb8 35.Rc5 a3 36.Ra1 Ke6
37.e4 dxe4 38.fxe4 Rb4 39.Re5+ Kf6 40.Rxe8 Rxd4 41.Rxa3 Kg6 42.h3 f6 43.Rb8 Rxe4
44.Rb7 Ree7 45.Rab3 Kf5 46.Rxc7 Rxc7 47.Rb7 Rc8 48.Rxg7 Rd8 49.Rxh7 Rd1+
50.Kh2 Rc1 51.Rxa7 Ke6 52.h4 Kd6 53.Rd7+ Ke6 54.Ra7 Kd6 55.h5 Ke6 56.h6 Rc5
57.h7 Rh5+ 58.Kg1 Rxh7  1-0

[Event "chess.com SpeedChess 2025"]
[Site "chess.com INT"]
[Date "2025.11.17"]
[Round "2.5"]
[White "Nakamura,Hi"]
[Black "So,W"]
[Result "1/2-1/2"]
[WhiteElo "2816"]
[BlackElo "2756"]

1.Nf3 c5 2.e4 d6 3.c3 Nf6 4.Bd3 Nc6 5.Bc2 Bg4 6.h3 Bh5 7.d3 e6 8.Nbd2 d5
9.Qe2 Be7 10.Nf1 h6 11.Ng3 Bg6 12.O-O O-O 13.Re1 Qc7 14.e5 Nd7 15.Bf4 b5
16.Rac1 b4 17.h4 bxc3 18.bxc3 Rab8 19.h5 Bh7 20.d4 Rfc8 21.Bxh7+ Kxh7 22.c4 Nb6
23.cxd5 Nxd5 24.dxc5 Nxf4 25.Qe4+ Kg8 26.Qxf4 Nb4 27.Red1 Nxa2 28.Rc4 Bxc5
29.Kh2 Rb4 30.Rd2 Rxc4 31.Qxc4 Nb4 32.Ne4 Be7 33.Qb5 Rb8 34.Qd7 Rc8 35.Qb5 a6
36.Qa4 Qc6 37.Qxc6 Nxc6 38.Rc2 Na7 39.Rd2 a5 40.Rd7 Nc6 41.Rb7 a4 42.Rb6 a3
43.Ra6 Rc7 44.Ned2 Bb4 45.Nb3 Bc3 46.Rxa3 Nxe5 47.Nbd4 Bxd4 48.Nxd4 Ng4+
49.Kg3 Nf6 50.Ra5 Rd7 51.Ne2 Rd3+ 52.f3 Rd5 53.Rxd5 Nxd5 54.Nd4 Kf8 55.Kh4 Ke7
56.g4 Kd6 57.Kg3 Ke5 58.Nc6+ Kd6 59.Nd8 Ke7 60.Nc6+ Kd7 61.Ne5+ Ke7 62.Nc6+ Kf6
63.f4 g6 64.hxg6 fxg6 65.Kf3 Ne7 66.Ne5 g5 67.Nd7+ Kg6 68.Nc5 Kf6 69.Ne4+ Kg6
70.Nc5 Kf7 71.fxg5 hxg5 72.Ne4 Kg6 73.Nc5 Kf7 74.Ne4 Kg6 75.Nc5 e5 76.Ke4 Nc6
77.Nd7 Kg7 78.Kd5 Ne7+ 79.Kxe5 Ng8 80.Kf5 Nh6+ 81.Kxg5 Nxg4  1/2-1/2

[Event "chess.com SpeedChess 2025"]
[Site "chess.com INT"]
[Date "2025.11.17"]
[Round "2.6"]
[White "So,W"]
[Black "Nakamura,Hi"]
[Result "0-1"]
[WhiteElo "2756"]
[BlackElo "2816"]

1.e4 e5 2.Nc3 Nf6 3.d4 exd4 4.Qxd4 Nc6 5.Qd3 Bc5 6.Qg3 d6 7.Be3 Bxe3 8.Qxe3 O-O
9.O-O-O Re8 10.f3 a6 11.g4 b5 12.g5 Nd7 13.h4 Nb6 14.h5 b4 15.Nce2 Qe7 16.Kb1 d5
17.Ng3 dxe4 18.Nxe4 Bf5 19.Bd3 Ne5 20.Nf6+ gxf6 21.Bxf5 fxg5 22.Nh3 h6 23.f4 Nec4
24.Qb3 Rad8 25.Rxd8 Rxd8 26.Ka1 Rd5 27.Bg4 a5 28.fxg5 Ne3 29.Nf4 Qe4 30.Rg1 Qxf4
31.gxh6 Nxg4  0-1

[Event "chess.com SpeedChess 2025"]
[Site "chess.com INT"]
[Date "2025.11.17"]
[Round "2.3"]
[White "Nakamura,Hi"]
[Black "So,W"]
[Result "1/2-1/2"]
[WhiteElo "2816"]
[BlackElo "2756"]

1.Nf3 c5 2.e4 d6 3.c3 Nf6 4.Bd3 Nc6 5.Bc2 Bg4 6.h3 Bh5 7.d3 e6 8.Nbd2 Be7
9.Nf1 h6 10.Qe2 d5 11.Ng3 Bg6 12.Bf4 O-O 13.O-O Nh5 14.Bd2 Nxg3 15.fxg3 Qb6
16.Rab1 Qa6 17.e5 c4 18.Ne1 cxd3 19.Bxd3 Bxd3 20.Nxd3 Nxe5 21.Qxe5 Qxd3 22.Bf4 Rac8
23.Qh5 Qg6 24.Qxg6 fxg6 25.Rfe1 Rc6 26.Re2 g5 27.Be3 a5 28.Bd4 Bf6 29.Rd1 a4
30.g4 Kf7 31.Re3 Re8 32.Rf1 Ke7 33.b3 axb3 34.axb3 Rf8 35.Rd1 Bxd4 36.Rxd4 Kd6
37.c4 Kc5 38.Rd1 Rd8 39.cxd5 Rxd5 40.Rde1 b5 41.Rc1+ Kd4 42.Rce1 Kc5 43.Rc3+ Kb6
44.Rce3 Ka5 45.Re4 Rd3 46.Ra1+ Kb6 47.b4 Rcd6 48.Re5 R3d5 49.Rae1 Rxe5 50.Rxe5 Kc6
51.Kf2 Rd4 52.Rxe6+ Kd5 53.Rg6 Rxb4 54.Rxg7 Re4 55.h4 gxh4 56.Kf3 Re6 57.g5 hxg5
58.Rxg5+ Kc4 59.Rg4+ Kc3 60.Rxh4 b4 61.Rh8 b3 62.Rc8+ Kd3 63.Rb8 Kc2 64.g4 Rf6+
65.Ke4 b2 66.g5 Re6+ 67.Kf5 Re3 68.Rxb2+ Kxb2 69.g6 Kc3 70.g7 Rg3 71.Kf6 Rxg7
72.Kxg7  1/2-1/2

[Event "chess.com SpeedChess 2025"]
[Site "chess.com INT"]
[Date "2025.11.17"]
[Round "2.13"]
[White "Nakamura,Hi"]
[Black "So,W"]
[Result "1-0"]
[WhiteElo "2816"]
[BlackElo "2756"]

1.e4 c5 2.Nf3 d6 3.c3 Nf6 4.Bd3 Nc6 5.h3 g6 6.Bc2 e5 7.O-O Bg7 8.Re1 O-O
9.d3 Re8 10.a3 h6 11.b4 a6 12.Nbd2 Be6 13.Bb2 Rc8 14.Bb3 d5 15.bxc5 dxe4
16.dxe4 Na5 17.Ba4 Nd7 18.c4 Qc7 19.c6 Nxc6 20.Nf1 Nb6 21.Bxc6 bxc6 22.c5 Nd7
23.Qc2 Rb8 24.Ne3 Nxc5 25.Qxc5 Rxb2 26.Rac1 Ra2 27.Nd5 Qd7 28.Nb4 Rxa3 29.Nxc6 Bf8
30.Qb6 Rxf3 31.Nxe5 Qb5 32.Qxb5 axb5 33.Nxf3 Bg7 34.e5 Bc4 35.Nd2 Be6 36.Rc5 Rb8
37.Nf3 b4 38.Nd4 Ba2 39.Rb5 Rxb5 40.Nxb5 Bf8 41.Ra1 Be6 42.Nd4 Bd5 43.Ra5 Bc4
44.Ra8 Kg7 45.Rb8 Bc5 46.Nc6 Bd5 47.Nxb4 Be4 48.Na6  1-0

[Event "chess.com SpeedChess 2025"]
[Site "chess.com INT"]
[Date "2025.11.17"]
[Round "2.14"]
[White "So,W"]
[Black "Nakamura,Hi"]
[Result "1/2-1/2"]
[WhiteElo "2756"]
[BlackElo "2816"]

1.e4 e5 2.Nc3 Nf6 3.f4 d5 4.fxe5 Nxe4 5.Qf3 Nc6 6.Bb5 Nxc3 7.dxc3 Qh4+ 8.g3 Qe4+
9.Qxe4 dxe4 10.Ne2 Bd7 11.Bxc6 Bxc6 12.Be3 h5 13.Rf1 Rd8 14.h4 Be7 15.Nd4 Bd7
16.Rf4 c5 17.Nf5 Bxf5 18.Rxf5 b6 19.c4 g6 20.Rf4 Kd7 21.Rxe4 Ke6 22.Ke2 Rhg8
23.Rf1 g5 24.hxg5 Bxg5 25.Bxg5 Rxg5 26.Rf6+ Ke7 27.Ref4 Rxe5+ 28.Kf3 Rf8
29.R6f5 Rxf5 30.Rxf5 Rh8 31.Rf4 Rd8 32.Ke2 Rg8 33.Kf3 Rd8 34.Ke2 Rg8 35.Kf3 Rd8  1/2-1/2

[Event "chess.com SpeedChess 2025"]
[Site "chess.com INT"]
[Date "2025.11.17"]
[Round "2.21"]
[White "Nakamura,Hi"]
[Black "So,W"]
[Result "1/2-1/2"]
[WhiteElo "2816"]
[BlackElo "2756"]

1.Nf3 c5 2.e3 Nf6 3.b3 g6 4.Bb2 Bg7 5.g3 O-O 6.Bg2 d5 7.O-O Qc7 8.Qe2 Nc6
9.d4 cxd4 10.Nxd4 Nxd4 11.Bxd4 Bg4 12.Qd2 Rac8 13.Na3 e5 14.Bb2 Rfd8 15.Rfc1 Ne4
16.Qe1 Nc3 17.Bxc3 Qxc3 18.Qxc3 Rxc3 19.h3 Be6 20.Rd1 Bf6 21.Rd2 e4 22.Rad1 Rdc8
23.Nb5 Rxc2 24.Nxa7 Rxd2 25.Rxd2 Rc1+ 26.Kh2 Bc3 27.Re2 Bd7 28.a4 Rb1 29.Nb5 Rxb3
30.Rc2 Bxb5 31.axb5 Kf8 32.Bf1 Ke7 33.Ra2 Kd6 34.Kg2 f5 35.Be2 Kc7 36.Ra8 Rb2
37.Kf1 Rb1+ 38.Kg2 Rb2 39.Kf1 d4 40.exd4 Bxd4 41.Rf8 Rb1+ 42.Kg2 Rb2 43.Kf1 Rb1+
44.Kg2 Re1 45.Rf7+ Kb6 46.Bc4 Rc1 47.Be2 Re1 48.Bc4 h5 49.g4 Rc1 50.Be2 Re1
51.Bc4 Rc1 52.Be2 Rc2 53.Kf1 fxg4 54.hxg4 h4 55.Rh7 g5 56.Rh5 Rc5 57.Kg2 Rc2
58.Kf1 Rc5 59.Rh6+ Ka5 60.Kg2 Rc2 61.Kf1 b6 62.Rh5 Rc5 63.Rh7 Rc1+ 64.Kg2 Re1
65.Bf1 Rd1 66.Be2 Rd2 67.Kf1 Rc2 68.Rh5 Rc5 69.Rh6 Kb4 70.Kg2 Rc2 71.Kf1 Rc1+
72.Kg2 Rc5 73.Re6 Be5 74.Rxb6 Rc2 75.Re6 Bd4 76.Rxe4 Kc3 77.Re8 Rb2 78.Kh3 Bxf2
79.Kg2 Bd4 80.Kh3 Kd2 81.Bf3 Be3 82.Rd8+ Ke1 83.Rd1+ Kf2 84.Bg2 Bf4 85.Rf1+ Ke2
86.Rf3 Rxb5 87.Bf1+ Kxf3 88.Bxb5 Kf2 89.Ba4 Kf3 90.Bb3 Kf2 91.Ba2 Kf3 92.Bb1 Kf2
93.Bc2 Kf3 94.Bg6 Ke3 95.Bh5 Kf2 96.Be8 Ke3 97.Bd7 Kf2 98.Bc8 Ke1 99.Ba6 Kf2
100.Bb5 Ke1 101.Ba6 Kf2 102.Bb5 Bg3 103.Ba6 Bf4  1/2-1/2

[Event "chess.com SpeedChess 2025"]
[Site "chess.com INT"]
[Date "2025.11.17"]
[Round "2.1"]
[White "Nakamura,Hi"]
[Black "So,W"]
[Result "1-0"]
[WhiteElo "2816"]
[BlackElo "2756"]

1.Nf3 c5 2.e3 Nf6 3.b3 g6 4.Bb2 Bg7 5.g3 b6 6.Bg2 Bb7 7.O-O O-O 8.Qe2 d5
9.Rd1 Nc6 10.d4 cxd4 11.Nxd4 Nxd4 12.Bxd4 Qc7 13.Na3 Rac8 14.Rac1 Rfd8 15.c4 dxc4
16.Rxc4 Qb8 17.Rxc8 Rxc8 18.e4 Rd8 19.Nc4 Ba6 20.e5 Nd5 21.e6 f6 22.Bb2 Nc7
23.Rd7 Kf8 24.Rxe7 b5 25.Rd7 Rxd7 26.exd7 bxc4 27.Ba3+ Kg8 28.Qe7  1-0

[Event "chess.com SpeedChess 2025"]
[Site "chess.com INT"]
[Date "2025.11.17"]
[Round "2.4"]
[White "So,W"]
[Black "Nakamura,Hi"]
[Result "0-1"]
[WhiteElo "2756"]
[BlackElo "2816"]

1.d4 Nf6 2.c4 e6 3.Nc3 Bb4 4.e3 O-O 5.Bd3 c5 6.Nf3 d5 7.O-O cxd4 8.exd4 dxc4
9.Bxc4 a6 10.a3 Bxc3 11.bxc3 b5 12.Bd3 Qc7 13.a4 Bb7 14.Bd2 Nbd7 15.Re1 Bc6
16.axb5 axb5 17.Qe2 Rxa1 18.Rxa1 Nd5 19.h3 Rb8 20.Rb1 h6 21.Qe4 N5f6 22.Qe2 Nd5
23.Ne5 Nxe5 24.dxe5 Ne7 25.Qg4 Kh8 26.Be3 Bd5 27.Bd4 Qc6 28.h4 Nf5 29.Bxf5 exf5
30.Qg3 Be6 31.Kh2 Kh7 32.Rb4 Ra8 33.Qd3 Bd7 34.Qg3 Qe6 35.Rb1 Ra2 36.Rd1 Bc6
37.Be3 Bd5 38.Qf4 Ra4 39.Rd4 Qg6 40.Qg3 Qe6 41.Qf4 Bc6 42.Qg3 Rxd4 43.Bxd4 Bd5
44.f3 Bc6 45.Qf4 Bd5 46.Qg3 Bc6 47.h5 Bd5 48.Qf4 Bc6 49.Qh4 Bd5 50.Qd8 Bc4
51.Kg3 Bf1 52.Qd6 Qa2 53.Kf4 Qxg2 54.Qe7 Be2 55.Ke3 Qxf3+ 56.Kd2 Bc4  0-1

[Event "chess.com SpeedChess 2025"]
[Site "chess.com INT"]
[Date "2025.11.17"]
[Round "2.12"]
[White "So,W"]
[Black "Nakamura,Hi"]
[Result "1-0"]
[WhiteElo "2756"]
[BlackElo "2816"]

1.e4 e5 2.Nc3 Nf6 3.d4 exd4 4.Qxd4 Nc6 5.Qd3 Bc5 6.Qg3 Nb4 7.Bd3 O-O 8.Bh6 Nh5
9.Qg5 Qxg5 10.Bxg5 h6 11.Bd2 Re8 12.Nge2 Nf6 13.Nb5 Na6 14.Nbc3 Nb4 15.Nb5 Na6
16.Nbc3 c6 17.Bxa6 bxa6 18.f3 d5 19.exd5 Nxd5 20.O-O-O Ne3 21.Bxe3 Bxe3+
22.Kb1 Bf5 23.Nd4 Bd7 24.Ne4 Re5 25.Rhe1 Bxd4 26.Rxd4 Bf5 27.Kc1 Rae8 28.Kd2 Bg6
29.Re2 a5 30.b3 f6 31.Rc4 R5e6 32.Ng3 Rd6+ 33.Kc3 Red8 34.Ne4 Re6 35.Rd2 Rde8
36.Nd6 Re3+ 37.Kb2 Re2 38.Rcd4 R8e6 39.a4 h5 40.h4 Bf7 41.Nc4 g5 42.hxg5 fxg5
43.Nxa5 Kg7 44.b4 h4 45.b5 cxb5 46.axb5 R6e5 47.c4 Re1 48.Nb3 Bg6 49.Rd7+ Kh6
50.Rxa7 Rb1+ 51.Ka2 Rbe1 52.Ra6 Kh5 53.Rdd6 Bb1+ 54.Ka3 g4 55.f4 g3 56.Rh6+ Kg4
57.fxe5 Re3  1-0

[Event "chess.com SpeedChess 2025"]
[Site "chess.com INT"]
[Date "2025.11.17"]
[Round "2.7"]
[White "Nakamura,Hi"]
[Black "So,W"]
[Result "0-1"]
[WhiteElo "2816"]
[BlackElo "2756"]

1.Nf3 c5 2.e4 Nc6 3.c3 e5 4.Bc4 Nf6 5.Ng5 d5 6.exd5 Nxd5 7.Qf3 Qxg5 8.Bxd5 Qf6
9.d3 Qxf3 10.Bxf3 Be6 11.Bxc6+ bxc6 12.Be3 O-O-O 13.Ke2 Be7 14.Nd2 Bf5 15.f3 Bxd3+
16.Kf2 Kc7 17.Nb3 Rd5 18.c4 Bxc4 19.Rhc1 Bxb3 20.axb3 Ra8 21.Ke2 f5 22.Ra5 Kb7
23.Rca1 Bd8 24.Rxc5 Rxc5 25.Bxc5 Bb6 26.b4 Rd8 27.Ra3 Rd5 28.Rc3 g6 29.g4 Ka6
30.Ra3+ Kb5 31.Bxb6 Kxb6 32.h3 f4 33.h4 h6 34.Ra1 Rd4 35.Ra4 e4 36.fxe4 Rxe4+
37.Kf3 Rd4 38.g5 hxg5 39.hxg5 a6 40.Kg4 Kb7 41.Kf3 c5 42.Ra5 cxb4 43.Re5 Kc6
44.Re6+ Rd6 45.Re4 a5 46.Rxf4 Kc5 47.Rf8 a4 48.Ke4 Kc4 49.Rf6 Rd2 50.Rxg6 Rxb2
51.Ra6 a3 52.Kf3 Rb3+ 53.Kf2 Rb2+  0-1

[Event "chess.com SpeedChess 2025"]
[Site "chess.com INT"]
[Date "2025.11.17"]
[Round "2.8"]
[White "So,W"]
[Black "Nakamura,Hi"]
[Result "0-1"]
[WhiteElo "2756"]
[BlackElo "2816"]

1.d4 Nf6 2.c4 e6 3.Nc3 Bb4 4.Qc2 O-O 5.a3 Bxc3+ 6.Qxc3 d5 7.e3 b6 8.Nf3 Ba6
9.b4 dxc4 10.Bxc4 Ne4 11.Qc2 Bxc4 12.Qxc4 Qd5 13.Qc2 a5 14.b5 c6 15.bxc6 Rc8
16.O-O Rxc6 17.Qe2 Nd7 18.Bb2 Rac8 19.Rfc1 b5 20.Ne1 Nb6 21.f3 Rxc1 22.Rxc1 Rxc1
23.Bxc1 Nc3 24.Qd3 b4 25.axb4 axb4 26.Bd2 Nba4 27.Nc2 Qb3 28.e4 h6 29.Ne3 Nb2
30.Qc2 Qa3 31.Bc1 Nca4 32.d5 b3 33.Qc8+ Kh7 34.dxe6 fxe6 35.Qxe6 Qc5 36.Qf5+ Qxf5
37.Nxf5 Nd3 38.Ba3 Nc3 39.Nd4 Nb1 40.Nxb3 Nxa3 41.h4 Nc4 42.Nd4 Kg6 43.Kh2 Kf6
44.Kg3 Nd2 45.Ne2 Nf1+ 46.Kg4 Nf2+ 47.Kf4 g5+ 48.hxg5+ hxg5+  0-1

[Event "chess.com SpeedChess 2025"]
[Site "chess.com INT"]
[Date "2025.11.17"]
[Round "2.9"]
[White "Nakamura,Hi"]
[Black "So,W"]
[Result "1-0"]
[WhiteElo "2816"]
[BlackElo "2756"]

1.Nf3 c5 2.e3 g6 3.g3 Bg7 4.Bg2 Nf6 5.O-O O-O 6.b3 d5 7.Bb2 Bf5 8.d4 cxd4
9.Nxd4 Bg4 10.Nf3 Nc6 11.h3 Bf5 12.Nbd2 Rc8 13.a3 Qd7 14.g4 Be6 15.Ng5 Rfd8
16.Qe2 d4 17.exd4 Bd5 18.Ngf3 Bxf3 19.Nxf3 Nd5 20.Rad1 Nf4 21.Qe3 Nxg2 22.Kxg2 b5
23.Rd3 e6 24.Rc1 Ne7 25.c4 Qb7 26.Qe2 Rc7 27.Rdd1 Rdc8 28.Kg1 bxc4 29.bxc4 Qa6
30.d5 exd5 31.Bxg7 Kxg7 32.g5 Kg8 33.Nh2 h5 34.gxh6 Nf5 35.Ng4 d4 36.Qe5 Qe6
37.Qxe6 fxe6 38.Re1 Rc6 39.Rb1 Kh7 40.Rb7+ R8c7 41.Rxc7+ Rxc7 42.Rxe6 Nxh6
43.Ne5 Nf5 44.Kf1 Rb7 45.Ra6 Re7 46.Nxg6 Re4 47.Nf8+ Kg7 48.Ne6+ Kg8 49.Ng5 Re7
50.Ra5 Nd6 51.Rd5 Nxc4 52.a4  1-0

[Event "chess.com SpeedChess 2025"]
[Site "chess.com INT"]
[Date "2025.11.17"]
[Round "2.10"]
[White "So,W"]
[Black "Nakamura,Hi"]
[Result "1-0"]
[WhiteElo "2756"]
[BlackElo "2816"]

1.d4 Nf6 2.Bg5 d5 3.e3 c5 4.Nd2 Qb6 5.Ngf3 cxd4 6.exd4 Nc6 7.Bd3 Nb4 8.O-O g6
9.Re1 Nxd3 10.cxd3 Bg7 11.Qa4+ Bd7 12.Qa3 Be6 13.Nb3 O-O 14.Nc5 Bg4 15.Ne5 Bc8
16.Rac1 Rd8 17.h3 Bf8 18.Na4 Qd6 19.Qb3 Nh5 20.Bd2 Ng7 21.Bf4 Qf6 22.Bh2 h5
23.Qc3 Nf5 24.Nf3 Bh6 25.Rc2 Bd7 26.Nc5 Qb6 27.g4 hxg4 28.hxg4 Nd6 29.Rxe7 Bxg4
30.Ne5 Bg5 31.Ncd7 Bxd7 32.Rxd7 Rdc8 33.Rc7 Rxc7 34.Qxc7 Rc8 35.Qxb6 axb6
36.Rxc8+ Nxc8 37.Ng4 Bc1 38.b3 Kf8 39.Ne3 Bxe3 40.fxe3 b5 41.e4 Ke7 42.Kg2 Ke6
43.Kf3 Ne7 44.Bf4 f5 45.Bg5 Nc6 46.Be3 Nb4 47.Bd2 Nxd3 48.e5 f4 49.Ke2 Nxe5
50.dxe5 Kxe5 51.Kd3 d4 52.Be1 f3 53.Bg3+ Kd5 54.Bf2 g5 55.Bxd4 g4 56.Bf2 Ke5
57.Bg3+ Kd5 58.Ke3 Kc5 59.a3 Kd5 60.Kd3 Kc5 61.Ke4 Kc6 62.Bf2 Kd6 63.b4 Ke6
64.Kf4 Kd5 65.Kxg4 Kc4 66.Kxf3 Kb3 67.Bc5  1-0

[Event "chess.com SpeedChess 2025"]
[Site "chess.com INT"]
[Date "2025.11.17"]
[Round "2.11"]
[White "Nakamura,Hi"]
[Black "So,W"]
[Result "0-1"]
[WhiteElo "2816"]
[BlackElo "2756"]

1.e4 c5 2.Nf3 d6 3.c3 Nf6 4.Bd3 Nc6 5.Bc2 Bg4 6.h3 Bh5 7.d3 e6 8.Nbd2 Be7
9.Qe2 d5 10.Nf1 h6 11.g4 Bg6 12.Bf4 Qb6 13.O-O-O Qa6 14.e5 Nd7 15.Kb1 b5
16.Ne3 d4 17.cxd4 cxd4 18.Ng2 Nb4 19.a3 Nd5 20.Bb3 Qb7 21.Bc1 N7b6 22.Nxd4 O-O
23.f4 Bc5 24.f5 Bh7 25.Nc2 exf5 26.g5 hxg5 27.Bxg5 a5 28.Nf4 Nxf4 29.Bxf4 a4
30.Ba2 Nd5 31.Rhf1 b4 32.Bxd5 Qxd5 33.axb4 Be7 34.Qf3 Qb3 35.d4 Rfc8 36.Qxb3 axb3
37.Ne3 g5 38.Nd5 Bd8 39.Rd3 gxf4 40.Nxf4 Rc4 41.Rg1+ Kf8 42.h4 Rxb4 43.Rgg3 Rba4
44.Kc1 Ba5 45.Kd1 Rc8 46.Ke2 Rc2+ 47.Kf3 Rxb2 48.Rg1 Rc4 49.Nd5 f4 50.Rdd1 Bc2
51.Ra1 Ra2 52.Nf6 Ke7 53.Rg8 Ke6 54.Re8+ Kf5 55.Rg1 Rc3+ 56.Kg2 Be4+  0-1

[Event "chess.com SpeedChess 2025"]
[Site "chess.com INT"]
[Date "2025.11.17"]
[Round "2.19"]
[White "Nakamura,Hi"]
[Black "So,W"]
[Result "0-1"]
[WhiteElo "2816"]
[BlackElo "2756"]

1.d4 Nf6 2.Nf3 d5 3.e3 c5 4.c4 cxd4 5.exd4 g6 6.Nc3 Bg7 7.c5 O-O 8.Be2 b6
9.O-O Ne4 10.cxb6 Nxc3 11.bxc3 axb6 12.Re1 Qc7 13.Qb3 e6 14.c4 Bb7 15.Ne5 Rc8
16.Bf4 dxc4 17.Qg3 Qd8 18.Nxc4 Nc6 19.Bf3 Qxd4 20.Nd6 e5 21.Nxb7 exf4 22.Qg5 Ne5
23.Rad1 Nxf3+ 24.gxf3 Qf6 25.Qxf6 Bxf6 26.Re2 Rc7 27.Nd6 Rd7 28.Red2 Bc3
29.Rd3 Bb4 30.Nc4 Rxd3 31.Rxd3 Rxa2 32.Nxb6 Bc5 33.Nd5 Bxf2+ 34.Kh1 g5 35.Nf6+ Kg7
36.Ne4 h6 37.Rd2 Ra1+ 38.Kg2 Be3 39.Rd7 Ra2+ 40.Kh1 Ra1+ 41.Kg2 Ra2+ 42.Kh1 Kg6
43.Rd6+ Kh5 44.Rf6 Ra1+ 45.Kg2 Ra2+ 46.Kh1 Bd4 47.Rxf7 Ra1+ 48.Kg2 Kh4 49.Rh7 Rg1+  0-1

[Event "chess.com SpeedChess 2025"]
[Site "chess.com INT"]
[Date "2025.11.17"]
[Round "2.20"]
[White "So,W"]
[Black "Nakamura,Hi"]
[Result "0-1"]
[WhiteElo "2756"]
[BlackElo "2816"]

1.d4 Nf6 2.c4 e6 3.Nc3 Bb4 4.Qc2 O-O 5.a3 Bxc3+ 6.Qxc3 d5 7.e3 b6 8.cxd5 exd5
9.Bd3 Ba6 10.Ne2 Qc8 11.O-O Bxd3 12.Qxd3 Qa6 13.Qd1 Nbd7 14.b3 c5 15.Bb2 Rfe8
16.dxc5 bxc5 17.Nf4 Qb7 18.Rb1 Rac8 19.Qf3 Ne5 20.Qe2 d4 21.exd4 Ng6 22.Qd2 Ne4
23.Qe3 Nc3 24.Qxc3 Nxf4 25.Qf3 Qxf3 26.gxf3 cxd4 27.Rfd1 d3 28.Bc1 Ne2+ 29.Kf1 Nc3  0-1

[Event "chess.com SpeedChess 2025"]
[Site "chess.com INT"]
[Date "2025.11.17"]
[Round "2.2"]
[White "So,W"]
[Black "Nakamura,Hi"]
[Result "1/2-1/2"]
[WhiteElo "2756"]
[BlackElo "2816"]

1.d4 Nf6 2.c4 e6 3.Nc3 Bb4 4.Qc2 O-O 5.a3 Bxc3+ 6.Qxc3 d5 7.e3 b6 8.cxd5 exd5
9.Bd3 Ba6 10.Ne2 Bxd3 11.Qxd3 Qc8 12.O-O Qa6 13.Qd1 c5 14.b4 cxb4 15.Bb2 b3
16.a4 Nc6 17.Re1 Na5 18.Bc3 Rac8 19.Bxa5 b2 20.Rb1 Qxa5 21.Rxb2 Rc4 22.Rb5 Qxa4
23.Qxa4 Rxa4 24.Nc3 Ra3 25.Nxd5 Nxd5 26.Rxd5 Rc8 27.h4 g6 28.Re2 Rc7 29.h5 Kg7
30.g4 a6 31.Rb2 b5 32.Kg2 Rb7 33.Rc5 b4 34.d5 Rd3 35.hxg6 hxg6 36.Kf3 Ra3
37.d6 Rd3 38.Rc7 Rxc7 39.dxc7 Rc3 40.Rxb4 Rxc7 41.Ra4 Rc6 42.g5 Rb6 43.Kf4 Rc6
44.Kf3 Rb6 45.Kf4 Rc6 46.Kf3  1/2-1/2

[Event "chess.com SpeedChess 2025"]
[Site "chess.com INT"]
[Date "2025.11.17"]
[Round "2.15"]
[White "Nakamura,Hi"]
[Black "So,W"]
[Result "1/2-1/2"]
[WhiteElo "2816"]
[BlackElo "2756"]

1.Nf3 c5 2.e3 g6 3.g3 Bg7 4.Bg2 Nf6 5.O-O O-O 6.b3 d5 7.Bb2 Bf5 8.d4 cxd4
9.Nxd4 Bg4 10.Nf3 Nc6 11.h3 Bf5 12.Nbd2 Rc8 13.a3 Qc7 14.Rc1 Rfd8 15.b4 Ne4
16.Bxg7 Kxg7 17.Nb3 Nc3 18.Qd2 Ne5 19.Nc5 Ne4 20.Qd4 Nxc5 21.Nxe5 Ne6 22.Qa1 Qc3
23.g4 Qxa1 24.Rxa1 Bxc2 25.Rfc1 f6 26.Nf3 Ba4 27.Ne1 Bb3 28.Rab1 Ba2 29.Ra1 Bb3
30.Rab1 Ba2 31.Ra1 Bc4 32.Rd1 b6 33.Nf3 Bb3 34.Rd3 Bc4 35.Rd2 Kf7 36.Rad1 Nf8
37.g5 Rd6 38.gxf6 Kxf6 39.Nh2 h5 40.h4 e5 41.Nf3 Ne6 42.Bh3 Rcd8 43.Rc1 b5
44.Rcd1 Bb3 45.Rc1 Bc4 46.Rcd1 d4 47.Bxe6 Bxe6 48.exd4 exd4 49.Rxd4 Rxd4
50.Nxd4 Bc4 51.f4 Re8 52.Kf2 Re4 53.Kf3 Bd5 54.Kg3 Re3+ 55.Kf2 Re4 56.Nxb5 Rxf4+
57.Ke3 Re4+ 58.Kf2 Rf4+ 59.Ke3 Re4+ 60.Kf2 Rf4+  1/2-1/2

[Event "chess.com SpeedChess 2025"]
[Site "chess.com INT"]
[Date "2025.11.17"]
[Round "2.16"]
[White "So,W"]
[Black "Nakamura,Hi"]
[Result "0-1"]
[WhiteElo "2756"]
[BlackElo "2816"]

1.e4 e5 2.Nc3 Nf6 3.d4 exd4 4.Qxd4 Nc6 5.Qd3 Bc5 6.Bf4 d6 7.f3 O-O 8.O-O-O a6
9.g4 Be6 10.g5 Nd7 11.h4 b5 12.Kb1 Nde5 13.Qd2 Bb4 14.h5 Qe7 15.Qe3 Bc5 16.Qe2 Rfe8
17.Qg2 b4 18.Na4 Ba7 19.Bc1 Bd7 20.Ne2 Na5 21.b3 Bxa4 22.bxa4 Nac4 23.Nf4 Na3+
24.Ka1 Nec4 25.Bxc4 Nxc4 26.Nd5 Qe5+ 27.Kb1 Na3+ 28.Bxa3 bxa3 29.c3 Rab8+
30.Ka1 c6 31.Nf6+ Kh8 32.Rc1 gxf6 33.g6 Rb2 34.gxf7 Rxg2  0-1

[Event "chess.com SpeedChess 2025"]
[Site "chess.com INT"]
[Date "2025.11.17"]
[Round "2.17"]
[White "Nakamura,Hi"]
[Black "So,W"]
[Result "0-1"]
[WhiteElo "2816"]
[BlackElo "2756"]

1.Nf3 c5 2.e3 g6 3.g3 Bg7 4.Bg2 Nf6 5.O-O O-O 6.b3 Nc6 7.Bb2 Qc7 8.d4 cxd4
9.Nxd4 d5 10.Nxc6 bxc6 11.c4 Rd8 12.Qc1 Qd6 13.Nc3 Bf5 14.Rd1 Bg4 15.Rd2 Qe6
16.Ne2 Bxe2 17.Rxe2 Ne8 18.Bxg7 Kxg7 19.Qb2+ Qf6 20.Rc1 Qxb2 21.Rxb2 e6 22.Rbc2 a5
23.Bf3 Nd6 24.cxd5 cxd5 25.Rc6 h5 26.Kg2 Nf5 27.Rc7 Kf6 28.R1c5 Rdb8 29.e4 dxe4
30.Bxe4 Ra6 31.Bd3 Raa8 32.Be4 Ra6 33.Bd3 Raa8 34.Rd7 Rc8 35.Rb5 Rcb8 36.h3 Rxb5
37.Bxb5 Rc8 38.Ra7 Rc5 39.a4 Nd4 40.Bc4 g5 41.g4 h4 42.Rd7 Nc2 43.f4 Ne3+
44.Kf3 Nxc4 45.fxg5+ Kg6 46.bxc4 Rxc4 47.Rd8 Kxg5 48.Rg8+ Kf6 49.Rh8 Kg6
50.Rxh4 Rxa4 51.Rh8 Ra3+ 52.Kf4 a4 53.h4 Rh3 54.h5+ Kg7 55.Ra8 a3 56.g5 Rh4+
57.Kg3 Rxh5 58.Kg4 Rh1 59.Rxa3 Kg6 60.Rf3 Rg1+ 61.Kh4 Rh1+ 62.Kg4 Rg1+ 63.Kh4 Rxg5
64.Rxf7 Rh5+ 65.Kg4 Kxf7  0-1

[Event "chess.com SpeedChess 2025"]
[Site "chess.com INT"]
[Date "2025.11.17"]
[Round "2.18"]
[White "So,W"]
[Black "Nakamura,Hi"]
[Result "1-0"]
[WhiteElo "2756"]
[BlackElo "2816"]

1.d4 Nf6 2.c4 e6 3.Nc3 Bb4 4.Qc2 O-O 5.a3 Bxc3+ 6.Qxc3 d5 7.e3 b6 8.cxd5 exd5
9.Bd3 Ba6 10.Ne2 Qc8 11.O-O Bxd3 12.Qxd3 Qa6 13.Qd1 c5 14.b3 Nbd7 15.Bb2 Rfd8
16.dxc5 bxc5 17.Nf4 Qb7 18.Rb1 a5 19.Qf3 Re8 20.Rfd1 Ne5 21.Qg3 Ne4 22.Qh3 Rad8
23.Qf5 f6 24.h4 Qc6 25.h5 Nd6 26.Qc2 Ndf7 27.Rbc1 c4 28.Rd4 Qb7 29.bxc4 dxc4
30.Rcd1 Rc8 31.Bc3 Qb3 32.Qc1 Nd3 33.Qd2 Ng5 34.Nxd3 cxd3 35.Bxa5 Qxa3 36.Rxd3 Qc5
37.Rd5 Qc4 38.Rd4 Qf7 39.h6 Qg6 40.Qa2+ Nf7 41.hxg7 Rc2 42.Qa4 Rxe3 43.Rg4 Qf5
44.fxe3 Rc8 45.Kh2 Qh5+ 46.Kg3 Qe5+ 47.Qf4 Qxa5 48.Qxf6 Qc7+ 49.Qf4 Qe7 50.Rf1 Nd6
51.Qf8+  1-0

[Event "Titled Tue 18th Nov 2025"]
[Site "chess.com INT"]
[Date "2025.11.18"]
[Round "1"]
[White "Hovakimyan,Vache"]
[Black "Nakamura,Hi"]
[Result "0-1"]
[WhiteElo "2281"]
[BlackElo "2813"]

1.d4 g6 2.e4 Bg7 3.Nf3 d6 4.Nc3 a6 5.a4 b6 6.Be2 Bb7 7.O-O Nd7 8.h3 e6 9.d5 e5
10.Bg5 Ne7 11.a5 h6 12.Be3 b5 13.Nd2 O-O 14.Nb3 f5 15.f3 g5 16.exf5 Nxf5
17.Bf2 Nf6 18.Bd3 Qd7 19.Be4 Ne7 20.Qd3 b4 21.Na2 Nexd5 22.Qc4 Qf7 23.Nxb4 Nxe4
24.fxe4 Nf4 25.Qxf7+ Rxf7 26.Nd2 Raf8 27.Rae1 Rb8 28.Ba7 Ra8 29.Be3 Bc8 30.Nd3 Be6
31.b4 Rb8 32.Rb1 c6 33.Bb6 Bf6 34.Nxf4 gxf4 35.c4 Kh7 36.b5 cxb5 37.cxb5 axb5
38.Rxb5 Rg8 39.Kh2 Rfg7 40.Rf2 Bh4 41.Re2 Bc8 42.Nc4 Ba6 43.Rb4 Rg3 44.Bf2 Rxg2+
45.Kh1 Bxf2  0-1